MARC details
| 000 -CABECERA |
| campo de control de longitud fija |
02005nam a2200205 a 4500 |
| 001 - NÚMERO DE CONTROL |
| campo de control |
000045733 |
| 005 - FECHA Y HORA DE LA ÚLTIMA TRANSACCIÓN |
| campo de control |
20201002052419.0 |
| 008 - DATOS DE LONGITUD FIJA--INFORMACIÓN GENERAL |
| campo de control de longitud fija |
150508s2015 dr ad 000 0 spa d |
| 020 ## - NÚMERO INTERNACIONAL ESTÁNDAR DEL LIBRO |
| Número Internacional Estándar del Libro |
9789945423303 |
| 040 ## - FUENTE DE LA CATALOGACIÓN |
| Centro catalogador/agencia de origen |
DO-SdBNP |
| Lengua de catalogación |
spa |
| Centro/agencia transcriptor |
BNPHU |
| 082 ## - NÚMERO DE LA CLASIFICACIÓN DECIMAL DEWEY |
| Número de clasificación |
xxxx |
| Número de documento/Ítem |
xxxx |
| 111 1# - ENTRADA PRINCIPAL--NOMBRE DE CONGRESO/REUNIÓN |
| Nombre de congreso/reunión o jurisdicción como elemento de entrada |
Jornada Científica Universidad-Empresa-Desarrollo |
| Número del congreso/reunión o número de parte o sección |
(1a. |
| Fecha del congreso/reunión |
2012 : |
| Sede del congreso/Lugar de la reunión |
Santo Domingo, República Dominicana ) |
| 9 (RLIN) |
73789 |
| 245 10 - MENCIÓN DE TÍTULO |
| Título |
Primera jornada científica Universidad-Empresa-Desarrollo 2012 : |
| Resto del título |
profesores y profesoras gestando conocimientos / |
| Mención de responsabilidad, etc. |
Editor: Aida Roca, Matías Bosch. |
| 260 ## - PUBLICACIÓN, DISTRIBUCIÓN, ETC. |
| Lugar de publicación, distribución, etc. |
Santo Domingo : |
| Nombre del editor, distribuidor, etc. |
Universidad APEC, |
| Fecha de publicación, distribución, etc. |
2015. |
| 300 ## - DESCRIPCIÓN FÍSICA |
| Extensión |
156 p. : |
| Otras características físicas |
il. ; |
| Dimensiones |
22 cm. |
| 504 ## - NOTA DE BIBLIOGRAFÍA, ETC. |
| Nota de bibliografía, etc. |
Bibliografía : p. 149-150 |
| 505 0# - NOTA DE CONTENIDO CON FORMATO |
| Nota de contenido con formato |
La motivación de los estudiantes de término de Ingeniería Industrial en la asignatura Tópicos Especiales de Ingeniería Industrial / |
| Mención de responsabilidad |
Ana C. Batista Guzmán -- |
| Título |
Debilidades en los procesos cognitivos de síntesis, conceptualización, análisis, interpretación y resolución de problemas en estudiantes de la Maestría en Administración Financiera / |
| Mención de responsabilidad |
Carlos Francisco Contreras Núñez -- |
| Título |
Impuesto, equidad fiscal y presión tributaria en República Dominicana, 2009-2011 / |
| Mención de responsabilidad |
Germania Grullón y Pedro Julio Garabol Maggiolo -- |
| Título |
Experiencia pedagógica de una asignatura semipresencial de Ciencias Económicas y Empresariales en la Universidad APEC (UNAPEC) / |
| Mención de responsabilidad |
Patria Péña Rodríguez -- |
| Título |
Mejoramiento de la competencia toma de decisiones en directivos empresariales a través de la formación de posgrado: experiencias y propuestas en la Universidad APEC / |
| Mención de responsabilidad |
Raynelda V. del Carmen Pimentel Piña y Jorge García Batán -- |
| Título |
Limitaciones en la asimilación de patrones rítmicos de los estudiantes de la clase de Danza Folklórica de UNAPEC / |
| Mención de responsabilidad |
Johanna Poche -- |
| Título |
Estrategia para el desarrollo de la habilidad de procesar información en la asignatura Gestión de Negocios de UNAPEC / |
| Mención de responsabilidad |
Julia A. Suncar Morales -- |
| 700 12 - PUNTO DE ACCESO ADICIONAL--NOMBRE DE PERSONA |
| Nombre de persona |
Roca, Aida, |
| Término indicativo de función/relación |
ed. |
| 9 (RLIN) |
73790 |
| 700 12 - PUNTO DE ACCESO ADICIONAL--NOMBRE DE PERSONA |
| Nombre de persona |
Bosch, Matías, |
| Término indicativo de función/relación |
ed. |
| 9 (RLIN) |
72665 |